00443nam a2200157Ia 450000500170000000800410001702000220005804100120008008200150009210000360010724500540014325000080019726000360020550000080024165000360024920240823030705.0240823s9999||||xx |||||||||||||| ||und|| a978-0-521-16518-1 aENGLISH A574.191 P9 aRoss Ethier and Craig A Simmons 0aIntroductory Biomechanics from cells to Organisms a1st c2009bCambridge University Pres aYES aBiomechanicsbBio Medical Engg.